Exploring Northeast: (Record no. 206185)

MARC details
000 -LEADER
fixed length control field 00662nam a22001937a 4500
005 - DATE AND TIME OF LATEST TRANSACTION
control field 20241009110045.0
010 ## - LCCN (DPL NO)
LC control number ENG-141988
020 ## - INTERNATIONAL STANDARD BOOK NUMBER
Terms of availability 3600.00
International Standard Book Number 9788190612173
035 ## - SYSTEM CONTROL NUMBER
System control number EN-125520
037 ## - SOURCE OF ACQUISITION
Source of stock number/acquisition DBAD
082 ## - DEWEY DECIMAL CLASSIFICATION NUMBER
Classification number 954.504
100 ## - MAIN ENTRY--PERSONAL NAME
Personal name Bera, Tilak
245 00 - TITLE STATEMENT
Title Exploring Northeast:
Remainder of title The Seven Pristine Pearls of India/
Statement of responsibility, etc By Tilak Ranjan Bera
250 ## - EDITION STATEMENT
Edition statement 1
260 ## - PUBLICATION, DISTRIBUTION, ETC. (IMPRINT)
Name of publisher, distributor, etc Woodland Publishers
Place of publication, distribution, etc Kolkata
Date of publication, distribution, etc 2016
270 ## - ADDRESS
City Kolkata
Postal code 700026
Address 28/10 B, Nakuleswar Bhattacharya Lane
Electronic mail address woodlandpublishers@hotmail.com
Telephone number +91-8582847459
-- +91-8777274087
300 ## - PHYSICAL DESCRIPTION
Extent 333p.;
Dimensions 29cm(hbk)
Other physical details ill.col.
942 ## - ADDED ENTRY ELEMENTS (KOHA)
Source of classification or shelving scheme Dewey Decimal Classification
Item type English Books
Call number suffix BER
Classification part 954.504
Holdings
Withdrawn status Lost status Not for loan Collection code Home library Current library Date acquired Source of acquisition Cost, normal purchase price Full call number Barcode Copy number Cost, replacement price Koha item type
    Not For Loan Reference Central Library Central Library 09/10/2024 Delivery of Books Act Division 3600.00 BER 954.504 EN-125520 1 3600.00 English Books

© Delhi Public Library
Hit Counter
free hit counter